[Event "TCh-ISR 2019"]
[Site "Israel ISR"]
[Date "2019.02.22"]
[Round "7.1"]
[Board "2"]
[White "Poleg, Dan"]
[Black "Grinberg, Eyal"]
[Result "0-1"]
[WhiteTitle "FM"]
[BlackTitle "IM"]
[WhiteElo "2276"]
[BlackElo "2470"]
[WhiteTeam "Elitsur Ironi Netanya named Itshak Shlakman"]
[BlackTeam "Kfar Saba"]
[WhiteFideId "2812398"]
[BlackFideId "2806070"]
[EventDate "2019.01.04"]

1. d4 Nf6 2. c4 e6 3. Nf3 b6 4. a3 Bb7 5. Nc3 g6 6. Bg5 h6 7. Bh4 Bg7 8. d5 O-O
9. e3 c5 10. Be2 exd5 11. cxd5 d6 12. O-O g5 13. Bg3 Nh5 14. Nd2 Nxg3 15. hxg3
Nd7 16. Nc4 Ne5 17. Nxe5 Bxe5 18. g4 Qe7 19. Qd3 Bc8 20. e4 Bd7 21. g3 Rae8 22.
Rae1 h5 23. gxh5 Bh3 24. Bf3 Bxf1 25. Kxf1 Bd4 26. Re2 Qd7 27. Bg2 g4 28. Qd2
Re5 29. Qh6 Bxc3 30. bxc3 f6 31. f3 gxf3 32. Bxf3 Rg5 33. Kg2 Rf7 34. Rf2 Qe7 0-1

[Event "TCh-ISR 2019"]
[Site "Israel ISR"]
[Date "2019.02.22"]
[Round "7.1"]
[Board "3"]
[White "Givon, Asaf"]
[Black "Tifferet, Shaked"]
[Result "1-0"]
[WhiteTitle "IM"]
[BlackTitle "FM"]
[WhiteElo "2465"]
[BlackElo "2243"]
[WhiteTeam "Kfar Saba"]
[BlackTeam "Elitsur Ironi Netanya named Itshak Shlakman"]
[WhiteFideId "2801841"]
[BlackFideId "2811529"]
[EventDate "2019.01.04"]

1. e4 e5 2. Nf3 Nc6 3. Bb5 a6 4. Ba4 Nf6 5. O-O Nxe4 6. d4 Be7 7. Re1 b5 8. Rxe4
d5 9. Nxe5 Nxe5 10. Rxe5 bxa4 11. Qe2 f6 12. Re3 c5 13. dxc5 Kf7 14. Nc3 Bb7 15.
Rd3 d4 16. Be3 dxe3 17. Rxd8 exf2+ 18. Kf1 Rhxd8 19. c6 Bc8 20. Qh5+ Kf8 21. Nd5
Be6 22. Nxe7 Kxe7 23. Qc5+ Kf7 24. Kxf2 Rd5 25. Qc3 Rc8 26. Re1 Rc7 27. Re2 Rb5
28. b3 Rb6 29. Rxe6 Kxe6 30. Qe3+ Kd6 31. Qxb6 Rxc6 32. Qd4+ Ke7 33. c4 axb3 34.
axb3 g6 35. Qa7+ 1-0

[Event "TCh-ISR 2019"]
[Site "Israel ISR"]
[Date "2019.02.22"]
[Round "7.1"]
[Board "5"]
[White "Gorshtein, Ido"]
[Black "Kudischewitsch, David"]
[Result "1-0"]
[WhiteTitle "FM"]
[BlackTitle "IM"]
[WhiteElo "2382"]
[BlackElo "2348"]
[WhiteTeam "Kfar Saba"]
[BlackTeam "Elitsur Ironi Netanya named Itshak Shlakman"]
[WhiteFideId "2815532"]
[BlackFideId "4111893"]
[EventDate "2019.01.04"]

1. e4 d5 2. Nc3 dxe4 3. Nxe4 Qd5 4. Nc3 Qa5 5. d4 Nf6 6. Bd2 c6 7. Bc4 Bg4 8.
Nf3 e6 9. h3 Qh5 10. Be2 Bd6 11. O-O Bxf3 12. Bxf3 Qh4 13. Nb5 cxb5 14. Bxb7 g5
15. Bxa8 g4 16. g3 Qxh3 17. Bg5 Nbd7 18. Bh4 Nd5 19. Bxd5 exd5 20. Re1+ Kf8 21.
Qd2 h6 22. Qd3 1-0

[Event "TCh-ISR 2019"]
[Site "Israel ISR"]
[Date "2019.02.22"]
[Round "7.2"]
[Board "1"]
[White "Sutovsky, Emil"]
[Black "Zilberman, Yaacov"]
[Result "1-0"]
[WhiteTitle "GM"]
[BlackTitle "GM"]
[WhiteElo "2628"]
[BlackElo "2334"]
[WhiteTeam "Ashdod Elit"]
[BlackTeam "haPoel Kfar Saba Bet"]
[WhiteFideId "2802007"]
[BlackFideId "2801612"]
[EventDate "2019.01.04"]

1. e4 Nf6 2. e5 Nd5 3. d4 d6 4. Nf3 c6 5. c4 Nc7 6. Nc3 dxe5 7. Nxe5 Nd7 8. Be3
g6 9. Nxd7 Bxd7 10. Qd2 Bg7 11. Bh6 Bxh6 12. Qxh6 Bf5 13. O-O-O Qd6 14. c5 Qf6
15. Be2 g5 16. Qxf6 exf6 17. Bc4 Be6 18. Ne4 Ke7 19. Nd6 b5 20. Bxe6 fxe6 21. h4
g4 22. Rhe1 h5 23. Re3 Kd7 24. Rde1 Rh7 25. a4 bxa4 26. Ne4 Ke7 27. Ra3 Nb5 28.
Rxa4 Rd8 29. Ra6 Rxd4 30. Rxc6 Rc4+ 31. Kb1 Rh8 32. Nd2 Rd4 33. Rcxe6+ Kf7 34.
Re7+ Kg6 35. Ne4 Rb8 36. Re3 Rb4 37. Rd3 Nd4 38. Rd2 Nf5 39. Re6 Nxh4 40. Rxf6+
Kg7 41. Re6 Nxg2 42. c6 Nf4 43. Re7+ 1-0

[Event "TCh-ISR 2019"]
[Site "Israel ISR"]
[Date "2019.02.22"]
[Round "7.2"]
[Board "2"]
[White "Erenberg, Ariel"]
[Black "Moiseenko, Alexander"]
[Result "0-1"]
[WhiteTitle "IM"]
[BlackTitle "GM"]
[WhiteElo "2409"]
[BlackElo "2640"]
[WhiteTeam "haPoel Kfar Saba Bet"]
[BlackTeam "Ashdod Elit"]
[WhiteFideId "2811634"]
[BlackFideId "14102560"]
[EventDate "2019.01.04"]

1. d4 Nf6 2. c4 e6 3. Nf3 Bb4+ 4. Bd2 c5 5. dxc5 Bxc5 6. Nc3 O-O 7. a3 a6 8. b4
Be7 9. e4 d6 10. Be2 b6 11. Bf4 Bb7 12. Nd2 Nbd7 13. O-O Rc8 14. Qb3 Re8 15. a4
Bf8 16. a5 bxa5 17. Rxa5 h6 18. Rfa1 g6 19. h3 Qe7 20. Bf3 Bg7 21. Re1 Nb8 22.
b5 Nfd7 23. Qa3 Ne5 24. Be2 axb5 25. Nxb5 Nbc6 26. Ra4 Red8 27. Be3 g5 28. Rd1
d5 29. Bc5 Qf6 30. Nd6 Rxd6 31. Bxd6 Nd4 32. Bf1 dxe4 33. Ra7 Bc6 34. Qe3 Nf5
35. Nxe4 Qg6 36. Qe1 g4 37. Bxe5 Bxe5 38. hxg4 Qxg4 39. Ng3 Nxg3 40. fxg3 Bxg3
41. Qd2 Qh4 0-1

[Event "TCh-ISR 2019"]
[Site "Israel ISR"]
[Date "2019.02.22"]
[Round "7.2"]
[Board "3"]
[White "Smirin, Ilia"]
[Black "Shachar, Ehud"]
[Result "1-0"]
[WhiteTitle "GM"]
[BlackTitle "IM"]
[WhiteElo "2610"]
[BlackElo "2391"]
[WhiteTeam "Ashdod Elit"]
[BlackTeam "haPoel Kfar Saba Bet"]
[WhiteFideId "2801990"]
[BlackFideId "2802198"]
[EventDate "2019.01.04"]

1. e4 e6 2. d4 d5 3. Nc3 Bb4 4. e5 b6 5. a3 Bxc3+ 6. bxc3 Qd7 7. Nh3 Ba6 8. Bxa6
Nxa6 9. Nf4 O-O-O 10. a4 Nb8 11. a5 Nc6 12. axb6 cxb6 13. Qd3 Nge7 14. Ba3 Ng6
15. Nh5 Rhg8 16. Bd6 Qb7 17. c4 Na5 18. cxd5 Qxd5 19. O-O Kb7 20. Rxa5 Qxa5 21.
Qf3+ Qd5 22. Qxf7+ Ka8 23. Ra1 a5 24. c3 Rc8 25. g3 Qc4 26. Bb4 Kb8 27. Nxg7 Qc6
28. Nxe6 Nh4 29. d5 Qb7 30. Bd6+ Ka7 31. Bc7 Ng6 32. Bxb6+ Kb8 33. Bc7+ Rxc7 34.
Nxc7 Rf8 35. Qd7 Qb6 36. Rf1 Nxe5 37. Qe7 Ng6 38. Qxh7 Rc8 39. d6 Nf8 40. Qd3 1-0

[Event "TCh-ISR 2019"]
[Site "Israel ISR"]
[Date "2019.02.22"]
[Round "7.2"]
[Board "4"]
[White "Finkel, Alexander"]
[Black "Bar, Roman"]
[Result "1/2-1/2"]
[WhiteTitle "GM"]
[BlackTitle "IM"]
[WhiteElo "2453"]
[BlackElo "2484"]
[WhiteTeam "haPoel Kfar Saba Bet"]
[BlackTeam "Ashdod Elit"]
[WhiteFideId "2801957"]
[BlackFideId "2803879"]
[EventDate "2019.01.04"]

1. e4 c5 2. c3 Nf6 3. e5 Nd5 4. Nf3 Nc6 5. Bc4 Nb6 6. Bb3 d6 7. exd6 Qxd6 8. O-O
Be6 9. Na3 Bxb3 10. Qxb3 Qd3 11. Re1 e6 12. Ne5 Nxe5 13. Rxe5 Be7 14. Re3 Qd7
15. Rg3 O-O 16. d3 Rfd8 17. Qd1 Bf6 18. Qg4 Qe7 19. Bh6 g6 20. Re1 Rd5 21. Ree3
Rad8 22. Nc2 Nd7 23. Qe2 Bh4 24. Rh3 Bg5 25. Bxg5 Qxg5 26. Rhg3 Qf6 27. Ref3 Qg7
28. Ne3 Ne5 29. Nxd5 Nxf3+ 30. Rxf3 Rxd5 31. g3 Qe5 32. Qxe5 Rxe5 33. Kf1 Rd5
34. Ke2 Kf8 35. Rf4 b6 36. Ra4 a5 37. Ra3 Ke7 38. Rb3 Rd6 39. Ke3 Kd7 40. d4
cxd4+ 41. cxd4 Kc6 42. g4 Rd5 43. h4 1/2-1/2

[Event "TCh-ISR 2019"]
[Site "Israel ISR"]
[Date "2019.02.22"]
[Round "7.3"]
[Board "4"]
[White "Kobo, Ori"]
[Black "Mikhalevski, Victor"]
[Result "0-1"]
[WhiteTitle "GM"]
[BlackTitle "GM"]
[WhiteElo "2485"]
[BlackElo "2581"]
[WhiteTeam "Feldklain Rishon leTsion"]
[BlackTeam "Beer Sheva Alef in name of Eliyahu Levant"]
[WhiteFideId "2812320"]
[BlackFideId "2801914"]
[EventDate "2019.01.04"]

1. e4 e5 2. Nf3 Nc6 3. d4 exd4 4. Nxd4 Nf6 5. Nxc6 bxc6 6. e5 Qe7 7. Qe2 Nd5 8.
Nd2 Nb4 9. Nf3 Ba6 10. c4 c5 11. a3 Nc6 12. Bd2 Qe6 13. Bc3 Be7 14. O-O-O O-O
15. Qe4 f5 16. Qd5 Rad8 17. h4 h6 18. Bd3 Bb7 19. Bc2 Ba8 20. Rd2 Kh8 21. Kb1
Qg6 22. h5 Qg4 23. Qd3 Nb4 24. axb4 cxb4 25. Bd4 c5 26. Bxc5 Bxc5 27. Nh4 Qxh5
28. f3 d5 29. g4 Qg5 30. gxf5 dxc4 31. Ng6+ Qxg6 32. Qxd8 Qg3 33. Qc7 Qxf3 34.
Qxc5 Rg8 35. Rdh2 b3 36. f6 bxc2+ 37. Ka1 Qd1+ 38. Ka2 Bxh1 0-1

[Event "TCh-ISR 2019"]
[Site "Israel ISR"]
[Date "2019.02.22"]
[Round "7.3"]
[Board "6"]
[White "Liss, Eran"]
[Black "Greenfeld, Alon"]
[Result "1/2-1/2"]
[WhiteTitle "GM"]
[BlackTitle "GM"]
[WhiteElo "2431"]
[BlackElo "2525"]
[WhiteTeam "Feldklain Rishon leTsion"]
[BlackTeam "Beer Sheva Alef in name of Eliyahu Levant"]
[WhiteFideId "2800721"]
[BlackFideId "2800039"]
[EventDate "2019.01.04"]

1. e4 c5 2. Nf3 d6 3. d4 cxd4 4. Nxd4 Nf6 5. Nc3 Nc6 6. f3 e5 7. Nb3 Be7 8. Be3
Be6 9. Nd5 Bxd5 10. exd5 Nb4 11. c4 a5 12. Qd2 b6 13. Be2 O-O 14. Nc1 Na6 15. b3
Nh5 16. Nd3 f5 17. f4 exf4 18. Nxf4 Nxf4 19. Bxf4 Nc5 20. O-O Bf6 21. Rad1 Ne4
22. Qc2 Qc7 23. Bd3 Qc5+ 24. Kh1 Rae8 25. Bxe4 Rxe4 26. Bg3 g6 1/2-1/2

[Event "TCh-ISR 2019"]
[Site "Israel ISR"]
[Date "2019.02.22"]
[Round "7.4"]
[Board "2"]
[White "Oratovsky, Michael"]
[Black "Soffer, Ram"]
[Result "1/2-1/2"]
[WhiteTitle "GM"]
[BlackTitle "GM"]
[WhiteElo "2462"]
[BlackElo "2477"]
[WhiteTeam "Elitsur Dov Petah Tiqwa"]
[BlackTeam "ASA Shlomo Har-Tsvi Tel Aviv"]
[WhiteFideId "2802090"]
[BlackFideId "2800101"]
[EventDate "2019.01.04"]

1. e4 c6 2. d4 d5 3. Nd2 dxe4 4. Nxe4 Bf5 5. Ng3 Bg6 6. Nh3 Nf6 7. c3 Nbd7 8.
Nf4 e5 9. dxe5 Nxe5 10. Qxd8+ Rxd8 11. Be3 a6 12. Bd4 Bd6 13. O-O-O Rd7 14. h3 1/2-1/2

[Event "TCh-ISR 2019"]
[Site "Israel ISR"]
[Date "2019.02.22"]
[Round "7.4"]
[Board "3"]
[White "Kundin, Alexander"]
[Black "Bykhovsky, Avigdor"]
[Result "1-0"]
[WhiteTitle "IM"]
[BlackTitle "GM"]
[WhiteElo "2311"]
[BlackElo "2419"]
[WhiteTeam "ASA Shlomo Har-Tsvi Tel Aviv"]
[BlackTeam "Elitsur Dov Petah Tiqwa"]
[WhiteFideId "2803097"]
[BlackFideId "4101057"]
[EventDate "2019.01.04"]

1. e4 e6 2. d4 d5 3. Nd2 Nf6 4. e5 Nfd7 5. c3 c5 6. Bd3 Nc6 7. Ne2 cxd4 8. cxd4
f6 9. exf6 Qxf6 10. Nf3 Bd6 11. O-O h6 12. Ng3 O-O 13. Nh5 Qf7 14. Nh4 Rd8 15.
Bxh6 gxh6 16. Qg4+ Kf8 17. Ng6+ Ke8 18. Nh8 Nf6 19. Qh4 Qxh5 20. Bg6+ Qxg6 21.
Nxg6 Kf7 22. Qxh6 Bd7 23. f4 Bf8 24. Nh8+ Ke7 25. Qg5 1-0

[Event "TCh-ISR 2019"]
[Site "Israel ISR"]
[Date "2019.02.22"]
[Round "7.4"]
[Board "4"]
[White "Kantarji, Pinchas"]
[Black "Aharonovich, Itamar"]
[Result "1/2-1/2"]
[WhiteTitle "IM"]
[BlackTitle "FM"]
[WhiteElo "2445"]
[BlackElo "2299"]
[WhiteTeam "Elitsur Dov Petah Tiqwa"]
[BlackTeam "ASA Shlomo Har-Tsvi Tel Aviv"]
[WhiteFideId "2803712"]
[BlackFideId "2814501"]
[EventDate "2019.01.04"]

1. c4 Nf6 2. Nc3 d5 3. cxd5 Nxd5 4. d4 g6 5. e3 Bg7 6. Bc4 Nb6 7. Bb3 O-O 8. Nf3
c5 9. O-O cxd4 10. Nxd4 Na6 11. a4 Nc5 12. a5 Nxb3 13. Qxb3 Nd7 14. Rd1 e6 15.
e4 b6 16. axb6 Qxb6 17. Qxb6 Nxb6 18. Ndb5 Bb7 19. Nd6 Bc6 20. Be3 Rfd8 21. f3
Rd7 22. Ndb5 Nc4 23. Rxd7 Bxd7 24. Rxa7 Rxa7 25. Bxa7 1/2-1/2

[Event "TCh-ISR 2019"]
[Site "Israel ISR"]
[Date "2019.02.22"]
[Round "7.4"]
[Board "5"]
[White "Kreizberg, Michael"]
[Black "Arlinsky, Uriel"]
[Result "1-0"]
[WhiteTitle "FM"]
[BlackTitle "FM"]
[WhiteElo "2297"]
[BlackElo "2336"]
[WhiteTeam "ASA Shlomo Har-Tsvi Tel Aviv"]
[BlackTeam "Elitsur Dov Petah Tiqwa"]
[WhiteFideId "2803372"]
[BlackFideId "2809575"]
[EventDate "2019.01.04"]

1. d4 Nf6 2. c4 e6 3. g3 Bb4+ 4. Bd2 Be7 5. Bg2 O-O 6. Nf3 d5 7. O-O c6 8. Qc2
b6 9. Bf4 Bb7 10. Ne5 Nh5 11. Bc1 Nf6 12. Rd1 Qc8 13. Nc3 b5 14. c5 b4 15. Na4
Ba6 16. Nd3 Qb7 17. Bd2 Nbd7 18. Bf1 Bxd3 19. Qxd3 e5 20. e3 a5 21. a3 Ne4 22.
Be1 Ng5 23. Bg2 e4 24. Qe2 f5 25. axb4 axb4 26. b3 Bd8 27. Ra2 Bc7 28. Rda1 g6
29. h4 Ne6 30. Nb2 Nf6 31. Nd1 h5 32. Ra6 Ng4 33. Qa2 Rae8 34. Qa4 Nd8 35. Ra8
f4 36. gxf4 Bxf4 37. Qa7 Bh2+ 38. Kh1 Qf7 39. Qxf7+ Rxf7 40. Bxb4 Ref8 41. Rc8
Rb7 42. Ba5 Rb8 43. Rxd8 Rbxd8 44. Bxd8 Rxd8 45. Ra6 Rb8 46. Bh3 Bc7 47. Rxc6
Ba5 48. Bxg4 hxg4 49. Rxg6+ Kf7 50. Rxg4 Rxb3 51. h5 1-0

[Event "TCh-ISR 2019"]
[Site "Israel ISR"]
[Date "2019.02.22"]
[Round "7.4"]
[Board "6"]
[White "Mesropov, Konstantin"]
[Black "Gershkowich, David"]
[Result "1-0"]
[WhiteTitle "IM"]
[BlackTitle "FM"]
[WhiteElo "2431"]
[BlackElo "2200"]
[WhiteTeam "Elitsur Dov Petah Tiqwa"]
[BlackTeam "ASA Shlomo Har-Tsvi Tel Aviv"]
[WhiteFideId "4116887"]
[BlackFideId "2803356"]
[EventDate "2019.01.04"]

1. c4 e5 2. Nc3 Nf6 3. g3 Bb4 4. Bg2 O-O 5. e4 c6 6. Nge2 b5 7. cxb5 cxb5 8. O-O
Bb7 9. d4 exd4 10. Nd5 Nc6 11. Nxb4 Nxb4 12. a3 Nc6 13. Nxd4 Nxd4 14. Qxd4 d5
15. e5 Ne4 16. f3 Ng5 17. Bxg5 Qxg5 18. f4 Qg4 19. Rac1 Rfc8 20. Bf3 Qd7 21.
Rxc8+ Rxc8 22. Qxa7 h5 23. f5 Rc2 24. e6 Qe7 25. exf7+ Qxf7 26. Qd4 Rc4 27. Qe5
h4 28. b3 Rc2 29. gxh4 Kh7 30. Rf2 Rc1+ 31. Kg2 d4 32. Qxd4 Qxf5 33. Bxb7 Qg6+
34. Kh3 Qe6+ 35. Qg4 1-0

[Event "TCh-ISR 2019"]
[Site "Israel ISR"]
[Date "2019.02.22"]
[Round "7.5"]
[Board "2"]
[White "Bakalchuk, Johnatan"]
[Black "Gorodetzky, David"]
[Result "1/2-1/2"]
[WhiteTitle "IM"]
[BlackTitle "IM"]
[WhiteElo "2456"]
[BlackElo "2447"]
[WhiteTeam "Hertslia"]
[BlackTeam "Tsafrir Rehovot Alef"]
[WhiteFideId "2810301"]
[BlackFideId "2813416"]
[EventDate "2019.01.04"]

1. e4 c6 2. d4 d5 3. Nc3 dxe4 4. Nxe4 Bf5 5. Qf3 e6 6. Ne2 Bxe4 7. Qxe4 Nf6 8.
Qf3 Qd5 9. Qb3 c5 10. c4 Qc6 11. Bg5 Nbd7 12. O-O-O Qb6 13. Qxb6 Nxb6 14. b3 Ng4
15. Bh4 Be7 16. Bg3 O-O-O 17. h3 Nf6 18. f3 Rd7 19. dxc5 Rxd1+ 20. Kxd1 Bxc5 21.
Kc2 Nbd7 22. Nc3 Nb8 23. Nb5 Nc6 24. Nd6+ Bxd6 25. Bxd6 Rd8 26. Bc5 b6 27. Be3
Nh5 28. g4 Ng3 29. Rg1 Nb4+ 30. Kb2 Rd1 31. Rxg3 Rxf1 32. a3 Nd3+ 33. Kc3 Ne5
34. Bd4 Nxf3 35. Bxg7 Ng5 36. Kd4 Rh1 37. Ke5 Rxh3 38. Rxh3 Nxh3 39. Kf6 Nf2 40.
Kxf7 Nxg4 41. Kxe6 h5 1/2-1/2

[Event "TCh-ISR 2019"]
[Site "Israel ISR"]
[Date "2019.02.22"]
[Round "7.5"]
[Board "5"]
[White "Psakhis, Lev"]
[Black "Lev, Ronen"]
[Result "1-0"]
[WhiteTitle "GM"]
[BlackTitle "GM"]
[WhiteElo "2455"]
[BlackElo "2355"]
[WhiteTeam "Tsafrir Rehovot Alef"]
[BlackTeam "Hertslia"]
[WhiteFideId "2800012"]
[BlackFideId "2800063"]
[EventDate "2019.01.04"]

1. e4 e5 2. Nf3 Nc6 3. Bb5 a6 4. Ba4 Nf6 5. O-O Be7 6. d3 b5 7. Bb3 d6 8. a3 O-O
9. Nc3 Be6 10. Nd5 Na5 11. Nxf6+ Bxf6 12. Bxe6 fxe6 13. b4 Nc6 14. c3 a5 15. Qb3
Qd7 16. Be3 Rfb8 17. Rfc1 Ra6 18. g3 Rba8 19. Qd1 axb4 20. axb4 Qc8 21. Rab1 Ra4
22. h4 Qd7 23. Kg2 Qe8 24. Nh2 Qd7 25. h5 Qf7 26. h6 g6 27. Qg4 Ra2 28. Nf3 Nb8
29. c4 bxc4 30. dxc4 Nd7 31. c5 dxc5 32. bxc5 Nb8 33. c6 R2a6 34. Bb6 Qe7 35.
Rb5 Qd6 36. Bxc7 Qxc7 37. Qxe6+ Qf7 38. Qc8+ Qf8 39. Qxf8+ Kxf8 40. c7 Nc6 41.
Rb8+ Rxb8 42. Rxc6 1-0

[Event "TCh-ISR 2019"]
[Site "Israel ISR"]
[Date "2019.02.22"]
[Round "7.5"]
[Board "6"]
[White "Haimovich, Tal"]
[Black "Mikhalevski, Alexander"]
[Result "1-0"]
[WhiteTitle "IM"]
[BlackTitle "IM"]
[WhiteElo "2408"]
[BlackElo "2430"]
[WhiteTeam "Hertslia"]
[BlackTeam "Tsafrir Rehovot Alef"]
[WhiteFideId "2801698"]
[BlackFideId "2801728"]
[EventDate "2019.01.04"]

1. d4 d5 2. c4 e6 3. Nc3 Be7 4. cxd5 exd5 5. Bf4 Nf6 6. e3 O-O 7. Bd3 c5 8. Nf3
Nc6 9. O-O c4 10. Bc2 Bg4 11. h3 Bh5 12. Bf5 a6 13. Rc1 b5 14. g4 Bg6 15. Ne5
Na7 16. Bxg6 hxg6 17. g5 Ne4 18. Nxe4 dxe4 19. Qg4 Qd5 20. Nd7 Rac8 21. Nb6 Qb7
22. Nxc8 Rxc8 23. f3 exf3 24. Qxf3 Qd7 25. Rc2 Nc6 26. a3 Qf5 27. Qg2 Qd7 28. d5
Na5 29. d6 Bd8 30. Qg4 Qxg4+ 31. hxg4 Rc5 32. b4 Rd5 33. bxa5 Bxa5 34. Kg2 Rd3
35. Kf3 Bd2 36. Rd1 1-0

[Event "TCh-ISR 2019"]
[Site "Israel ISR"]
[Date "2019.02.22"]
[Round "7.6"]
[Board "3"]
[White "Khmelniker, Ilya"]
[Black "Steinberg, Nitzan"]
[Result "1-0"]
[WhiteTitle "GM"]
[BlackTitle "GM"]
[WhiteElo "2483"]
[BlackElo "2530"]
[WhiteTeam "Beer Sheva Yud-Alef"]
[BlackTeam "haPoel Petah Tiqwa Alef"]
[WhiteFideId "2805340"]
[BlackFideId "2801795"]
[EventDate "2019.01.04"]

1. c4 e5 2. Nc3 Bb4 3. Nd5 a5 4. a3 Bc5 5. Nf3 c6 6. Nc3 d6 7. e3 Ba7 8. d4 Nd7
9. Be2 Ngf6 10. Qc2 O-O 11. b3 Re8 12. Bb2 Nf8 13. dxe5 dxe5 14. Rd1 Qe7 15. Ne4
Nxe4 16. Qxe4 Ng6 17. h4 f5 18. Qc2 e4 19. h5 exf3 20. hxg6 fxg2 21. gxh7+ Kh8
22. Rg1 Qg5 23. Bd4 f4 24. exf4 Qh6 25. Be5 Bg4 26. Qe4 Bh3 27. Rd3 Qh4 28. Qf3
Rxe5 29. fxe5 Bf5 30. Qxg2 g6 31. Qg3 Qe7 32. Rd6 Rf8 33. Qc3 Bc5 34. b4 axb4
35. axb4 Bxd6 36. exd6+ Qg7 37. Qxg7+ Kxg7 38. Bg4 Bd3 39. c5 g5 40. Rg3 Bxh7
41. Re3 1-0

[Event "TCh-ISR 2019"]
[Site "Israel ISR"]
[Date "2019.02.22"]
[Round "7.6"]
[Board "4"]
[White "Drori, Saar"]
[Black "Shvayger, Yuliya"]
[Result "1/2-1/2"]
[WhiteTitle "IM"]
[BlackTitle "IM"]
[WhiteElo "2386"]
[BlackElo "2387"]
[WhiteTeam "haPoel Petah Tiqwa Alef"]
[BlackTeam "Beer Sheva Yud-Alef"]
[WhiteFideId "2812444"]
[BlackFideId "14100126"]
[EventDate "2019.01.04"]

1. e4 c5 2. Nf3 Nc6 3. d4 cxd4 4. Nxd4 e5 5. Nb5 d6 6. c4 Be7 7. N1c3 a6 8. Na3
f5 9. exf5 Bxf5 10. Be3 Nf6 11. Be2 O-O 12. O-O Qd7 13. Rc1 Kh8 14. Nd5 Rae8 15.
Nb6 Qd8 16. Nb1 Ne4 17. Nd5 Bg5 18. Nbc3 Nd4 19. Bd3 Nxc3 20. Rxc3 Bxe3 21. fxe3
Bxd3 22. Rxd3 Rxf1+ 23. Qxf1 Rf8 24. Qd1 Ne6 25. Qg4 Qe8 26. h3 Qf7 27. Rd2 Nc5
28. Kh2 Qf1 29. b4 Nd3 30. Rd1 Ne1 31. Rd2 Nd3 32. Rd1 Ne1 33. Rd2 Nd3 1/2-1/2

[Event "TCh-ISR 2019"]
[Site "Israel ISR"]
[Date "2019.02.22"]
[Round "7.6"]
[Board "6"]
[White "Bitensky, Igor"]
[Black "Klenburg, Michael"]
[Result "0-1"]
[WhiteTitle "IM"]
[BlackTitle "IM"]
[WhiteElo "2373"]
[BlackElo "2361"]
[WhiteTeam "haPoel Petah Tiqwa Alef"]
[BlackTeam "Beer Sheva Yud-Alef"]
[WhiteFideId "2804085"]
[BlackFideId "14102072"]
[EventDate "2019.01.04"]

1. e4 e6 2. d4 d5 3. e5 c5 4. c3 Qb6 5. Nf3 Nc6 6. Na3 cxd4 7. cxd4 Bd7 8. Nc2
Rc8 9. Bd3 Nb4 10. Nxb4 Bxb4+ 11. Bd2 Bb5 12. Bxb5+ Qxb5 13. Qb3 Bxd2+ 14. Nxd2
Qa6 15. a4 Ne7 16. Qb5+ Rc6 17. Nb3 Qb6 18. O-O a6 19. Qd3 Rc4 20. Rfd1 Nc6 21.
a5 Qb5 22. Ra3 O-O 23. h4 Nb4 24. Qg3 Nc2 25. Ra2 h6 26. Kh2 Rfc8 27. f4 Rb4 28.
Rd3 Rcc4 29. f5 Nxd4 30. Nxd4 Rxd4 31. Rxd4 Rxd4 32. fxe6 fxe6 33. Ra3 Qc4 34.
Kh3 Qc1 35. Kh2 Rd1 36. Qf2 Rh1+ 37. Kg3 Qc4 38. Qf4 Qxf4+ 39. Kxf4 Rxh4+ 40.
Kf3 Rb4 41. Rc3 h5 42. Rc7 Kf8 43. Ke3 Rxb2 44. Kf4 Rxg2 45. Rxb7 Rg4+ 46. Kf3
Re4 47. Rb6 Rxe5 48. Rxa6 d4 49. Ra8+ Kf7 50. a6 d3 51. Ra7+ Kf6 52. Rd7 Ra5 53.
a7 d2 54. Ke2 Ra2 55. Kd1 g5 56. Ke2 h4 57. Rh7 e5 58. Kd1 Kf5 59. Ke2 Kg4 60.
Kd1 h3 61. Ke2 Kg3 62. Rg7 g4 63. Rh7 Kg2 64. Rd7 h2 65. Rxd2 Rxa7 0-1

[Event "TCh-ISR 2019"]
[Site "Israel ISR"]
[Date "2019.02.23"]
[Round "8.1"]
[Board "1"]
[White "Zubov, Alexander"]
[Black "Naiditsch, Arkadij"]
[Result "1/2-1/2"]
[WhiteTitle "GM"]
[BlackTitle "GM"]
[WhiteElo "2598"]
[BlackElo "2734"]
[WhiteTeam "Elitsur Dov Petah Tiqwa"]
[BlackTeam "Beer Sheva Alef in name of Eliyahu Levant"]
[WhiteFideId "14109409"]
[BlackFideId "4650891"]
[EventDate "2019.01.04"]
[EventType "team-tourn"]

1. d4 Nf6 2. c4 e6 3. Nf3 d5 4. Nc3 c5 5. cxd5 Nxd5 6. Bg5 Qa5 7. Bd2 cxd4 8.
Nxd4 Nxc3 9. Bxc3 Bb4 10. Bxb4 Qxb4+ 11. Qd2 Qxd2+ 12. Kxd2 Bd7 13. e4 Nc6 14.
Nxc6 Bxc6 15. Ke3 1/2-1/2

[Event "TCh-ISR 2019"]
[Site "Israel ISR"]
[Date "2019.02.23"]
[Round "8.1"]
[Board "2"]
[White "Rodshtein, Maxim"]
[Black "Kantarji, Pinchas"]
[Result "1-0"]
[WhiteTitle "GM"]
[BlackTitle "IM"]
[WhiteElo "2668"]
[BlackElo "2445"]
[WhiteTeam "Beer Sheva Alef in name of Eliyahu Levant"]
[BlackTeam "Elitsur Dov Petah Tiqwa"]
[WhiteFideId "2806851"]
[BlackFideId "2803712"]
[EventDate "2019.01.04"]
[EventType "team-tourn"]

1. d4 Nf6 2. c4 c6 3. Nf3 d5 4. e3 e6 5. b3 Nbd7 6. Bb2 Be7 7. Bd3 O-O 8. Nc3 c5
9. cxd5 exd5 10. O-O b6 11. Qe2 Bb7 12. Rfd1 Re8 13. Rac1 Bf8 14. Bf5 Rc8 15.
Na4 Rc7 16. Bd3 Qc8 17. Rc2 Ne4 18. Rdc1 Re6 19. dxc5 bxc5 20. Nd4 Rh6 21. Nf5
Rg6 22. Ng3 Nxg3 23. hxg3 Rd6 24. Bf5 g6 25. Rxc5 Rxc5 26. Rxc5 Qe8 27. Bxd7
Rxd7 28. Rc2 Qe4 29. Bd4 Ba6 30. Qd1 Qf5 31. g4 Qe6 32. Nc5 Bxc5 33. Rxc5 Rd8
34. Qf3 h6 35. Rc7 Rc8 36. Rxa7 1-0